| 000 | 00797nam a2200289 a 4500 | ||
|---|---|---|---|
| 003 | AR-BaBNM | ||
| 005 | 20251128210359.0 | ||
| 008 | 082120s2002 ||||||||||||||000 | spa|| | ||
| 020 | _a85-01-00536-3 | ||
| 040 | _cAR-BaBNM | ||
| 100 | 1 | _aAmado, Jorge | |
| 245 | 0 | 0 |
_aGabriela, cravo e canela _bcrónica de uma cidade do interior : romance |
| 250 | _a79ª ed. | ||
| 260 |
_aRío de Janeiro _bRecord _c1998 |
||
| 300 |
_axiii, 363 p. _bil. |
||
| 490 | 0 | _aBiblioteca da scola | |
| 650 | 4 | _aNOVELAS | |
| 650 | 4 | _aHISTORIAS DE AMOR | |
| 650 | 4 | _aLITERATURA CONTEMPORANEA | |
| 650 | 4 | _aLITERATURA LATINOAMERICANA | |
| 653 | _aLITERATURA BRASILEÑA | ||
| 653 | _aREALISMO MAGICO | ||
| 655 | _aLITERATURA | ||
| 700 | 1 |
_aDi Cavalcanti, E. _eilustrador |
|
| 942 | _cBK | ||
| 998 | _cMARTIN | ||
| 999 |
_c15228 _d15228 |
||